Practical religion: (Record no. 7419)

000 -LEADER
fixed length control field 00756nam a2200205 a 4500
001 - CONTROL NUMBER
control field :::00005180$&:&@@
003 - CONTROL NUMBER IDENTIFIER
control field OkBaRHE
005 - DATE AND TIME OF LATEST TRANSACTION
control field 20000607103323.0
008 - FIXED-LENGTH DATA ELEMENTS--GENERAL INFORMATION
fixed length control field s1964 j 000 0 eng u
040 ## - CATALOGING SOURCE
Transcribing agency
100 1# - MAIN ENTRY--PERSONAL NAME
Personal name Jordan, Clarence L.
245 10 - TITLE STATEMENT
Title Practical religion:
Remainder of title the Sermon on the Mount and the epistle of James in the Koiononia "Cotton patch" version.
260 ## - PUBLICATION, DISTRIBUTION, ETC. (IMPRINT)
Place of publication, distribution, etc Americus, GA., :
Name of publisher, distributor, etc Koinonia Farm
Date of publication, distribution, etc c1964
300 ## - PHYSICAL DESCRIPTION
Extent 15 p. ;
Dimensions 22 cm.
650 ## - SUBJECT ADDED ENTRY--TOPICAL TERM
Topical term or geographic name as entry element Bible New Testament James
General subdivision Paraphrases, English
650 ## - SUBJECT ADDED ENTRY--TOPICAL TERM
Topical term or geographic name as entry element Bible New Testament Matthew 5-7
General subdivision Paraphrases, English
650 ## - SUBJECT ADDED ENTRY--TOPICAL TERM
Topical term or geographic name as entry element Sermon On The Mount
942 ## - ADDED ENTRY ELEMENTS (KOHA)
Source of classification or shelving scheme
Koha item type Books
Copies
Shelving location Date acquired Date last seen Price effective from Withdrawn status Full call number Total Checkouts Current Location Copy number Not for loan Damaged status Date checked out Lost status Barcode Permanent Location Source of classification or shelving scheme Koha item type
General Stacks2010-04-142015-03-022010-04-14 BT 380.2 .J5891RHEMA Bible Training College1  2015-02-09 5180RHEMA Bible Training College Books